| 000 | 01026nac a22003137a 4500 | ||
|---|---|---|---|
| 001 | BR9301137 | ||
| 003 | BR-BrBNA | ||
| 005 | 20240105121410.0 | ||
| 008 | 230509b bl.|||m| |||| 00| 0 por d | ||
| 040 |
_aBR-BrBNA _bpor _cBiblioteca Nacional de Agricultura |
||
| 072 | _aU10; A50 | ||
| 090 | _aU10 BR9301137 | ||
| 100 | 1 | _aAffin, O.A.D. | |
| 100 | 1 | _aBarcellos, J.M. | |
| 100 | 1 | _aLuiz, A.J.B. | |
| 100 | 1 | _aSilva, F.A.M. da | |
| 100 | 1 | _aCastro, L.H.R. | |
| 100 | 1 | _aZoby, J.L.F. | |
| 110 | 1 | _aCentro de Pesquisa Agropecuaria dos Cerrados, Planaltina, DF (Brasil) | |
| 245 | 1 | _aUso de modelos matematicos de simulacao para estabelecimento de prioridades de pesquisa | |
| 260 | 3 |
_aPlanaltina, DF (Brasil): _c1992. |
|
| 300 | _a43 p. | ||
| 490 |
_aDocumentos - Centro de Pesquisa Agropecuaria dos Cerrados (Brazil) _vno. 49 _xISSN 0102-0021 |
||
| 500 | _a8 ref. | ||
| 650 | _aModelo Matematico | ||
| 650 | _aPesquisa Agricola | ||
| 909 |
_a202312 _bLúcia Elande _c55 _dLúcia Elande |
||
| 942 |
_2AGRIS _n0 _cMS |
||
| 999 |
_c285067 _d285067 |
||